书目信息 |
| 题名: |
极简农村路建设与实例
|
|
| 作者: | 李威 著 | |
| 分册: | ||
| 出版信息: | 北京 中国书籍出版社 2024.05 |
|
| 页数: | 130页 | |
| 开本: | 21cm | |
| 丛书名: | ||
| 单 册: | ||
| 中图分类: | U412.1 | |
| 科图分类: | ||
| 主题词: | 农村道路--nong cun dao lu--道路工程--建设--中国 | |
| 电子资源: | ||
| ISBN: | 978-7-5068-9869-0 | |
| 000 | 00867nam0 2200241 450 | |
| 001 | 94336 | |
| 005 | 20250820103034.22 | |
| 010 | @a978-7-5068-9869-0@dCNY82.00 | |
| 100 | @a20250211d2024 em y0chiy50 ea | |
| 101 | 0 | @achi |
| 102 | @aCN@b110000 | |
| 105 | @aa a 000yy | |
| 106 | @ar | |
| 200 | 1 | @a极简农村路建设与实例@Aji jian nong cun lu jian she yu shi li@f李威著 |
| 210 | @a北京@c中国书籍出版社@d2024.05 | |
| 215 | @a130页@c图@d21cm | |
| 320 | @a有书目 (第128-130页) | |
| 330 | @a本书提出“极简农村路”的建设理念, 是基于大部分美丽农村路的理念基础, 用简单、经济的思维, 构建可借鉴、可复制、可参考的样板, 绝大部分案例为浙江台州实践, 大多数照片为作者自己拍摄收集。 | |
| 606 | 0 | @a农村道路@Anong cun dao lu@x道路工程@x建设@y中国 |
| 690 | @aU412.1@v5 | |
| 701 | 0 | @a李威@Ali wei@4著 |
| 801 | 0 | @aCN@c20250909 |
| 905 | @a河南城建学院图书馆@dU412.1@eL283@f1 | |
| 极简农村路建设与实例/李威著.-北京:中国书籍出版社,2024.05 |
| 130页:图;21cm |
| ISBN 978-7-5068-9869-0:CNY82.00 |
| 本书提出“极简农村路”的建设理念, 是基于大部分美丽农村路的理念基础, 用简单、经济的思维, 构建可借鉴、可复制、可参考的样板, 绝大部分案例为浙江台州实践, 大多数照片为作者自己拍摄收集。 |
| ● |
| 相关链接 |
|
|
|
正题名:极简农村路建设与实例
索取号:U412.1/L283
 
预约/预借
| 序号 | 登录号 | 条形码 | 馆藏地/架位号 | 状态 | 备注 |
| 1 | 1628262 | 216282626 | 自科库501/501自科库 51排3列3层/ [索取号:U412.1/L283] | 在馆 |